| 000 | 00708nam a22002057a 4500 | ||
|---|---|---|---|
| 999 |
_c20246 _d20246 |
||
| 008 | 240508b ||||| |||| 00| 0 eng d | ||
| 020 | _a9710857940 | ||
| 082 |
_aDFil 332.11 _bF17 1994 |
||
| 100 |
_aFajardo, Feliciano R. _956946 |
||
| 245 |
_aCentral banking / _cFeliciano R. Fajardo and Manuel M. Manansala. |
||
| 250 | _aRevised edition. | ||
| 260 |
_aManila : _bNational Books Store, Inc., _c©1994. |
||
| 300 |
_axiii, 282 pages : _billustrations ; _c22 cm. |
||
| 500 | _aIncludes bibliography. | ||
| 650 |
_aBanks and banking. _957218 |
||
| 650 |
_aCentral banking. _957219 |
||
| 650 |
_aBanks and banking, Central. _957220 |
||
| 700 |
_aManansala, Manuel M. _eauthor. _956947 |
||
| 942 |
_2ddc _cDFIL |
||